| 000 | 00495nam a2200181Ia 4500 | ||
|---|---|---|---|
| 005 | 20240405152651.0 | ||
| 008 | 131103s9999 xx 000 0 und d | ||
| 020 |
_a81 230 0659 4 _cRs30 |
||
| 040 | _aLoreto College | ||
| 041 | _aEnglish | ||
| 082 |
_a330.954 _bIND |
||
| 245 |
_aIndia _b Government and Economic Life in Ancient and Medieval Periods |
||
| 260 |
_aNew Deihi _bPublications Division _c2000 |
||
| 300 | _a95p | ||
| 650 | _aSocial Science | ||
| 850 | _aLCBED | ||
| 942 | _cBK | ||
| 999 |
_c27060 _d77539 |
||